000
00438nam a2200145Ia 4500
008
151213s9999 xx 000 0 und d
100
_a
শাহ - ই- আলম।
245
_a
উচ্চারণ।
_c
শাহ - ই- আলম।
260
_a
ঢাকা
_b
উচ্চারণ সংসদ।
300
_a
8630 p.
650
_a
Bangla
650
_a
গল্প।
700
_a
শাহ - ই- আলম।
999
_c
4417
_d
4417